[Event "Belgrade-chT2 Quality"]
[Site "Belgrade"]
[Date "2022.11.12"]
[Round "10.8"]
[White "Markus, Pavle"]
[Black "Zecevic, Savic"]
[Result "0-1"]
[WhiteElo "1455"]
[BlackElo "1690"]
[PlyCount "84"]
[EventDate "2022.10.15"]
[EventType "team-tourn"]
[EventRounds "13"]
[EventCountry "SRB"]
[SourceTitle "EXT 2024"]
[Source "ChessBase"]
[SourceDate "2023.10.10"]
[SourceVersion "1"]
[SourceVersionDate "2023.10.10"]
[SourceQuality "1"]
[WhiteTeam "Belgrade BASK"]
[BlackTeam "Zemun"]
[WhiteTeamCountry "SRB"]
[BlackTeamCountry "SRB"]

1. e4 c5 2. Nc3 a6 3. d3 Nc6 4. g3 g6 5. Bg2 Bg7 6. Be3 d6 7. Qd2 Nf6 8. Bh6 0-0 9. Bxg7 Kxg7 10. Nge2 e5 11. 0-0 Be6 12. f4 exf4 13. Nxf4 Nd4 14. Nd1 Qd7 15. c3 Nc6 16. Ne3 Ne5 17. h3 h5 18. d4 cxd4 19. cxd4 Nc4 20. Nxe6+ Qxe6 21. Nxc4 Qxc4 22. e5 Ne8 23. b3 Qc7 24. Rac1 Qe7 25. Qb4 Rb8 26. Rf2 f6 27. Rcf1 f5 28. Re1 Qc7 29. e6 Nf6 30. Qc4 Qe7 31. Rc2 Rbc8 32. Qd3 d5 33. Ree2 Ne4 34. Rxc8 Rxc8 35. Bxe4 fxe4 36. Qe3 Qxe6 37. Kg2 Rf8 38. Rf2 Rxf2+ 39. Qxf2 Qf5 40. Qe3 g5 41. Qc3 Kg6 42. Qe3 g4 0-1

[Event "Belgrade-chT2 Quality"]
[Site "Belgrade"]
[Date "2022.10.28"]
[Round "5.8"]
[White "Havran, Misa"]
[Black "Markus, Pavle"]
[Result "1/2-1/2"]
[WhiteElo "2002"]
[BlackElo "1455"]
[PlyCount "63"]
[EventDate "2022.10.15"]
[EventType "team-tourn"]
[EventRounds "13"]
[EventCountry "SRB"]
[SourceTitle "EXT 2024"]
[Source "ChessBase"]
[SourceDate "2023.10.10"]
[SourceVersion "1"]
[SourceVersionDate "2023.10.10"]
[SourceQuality "1"]
[WhiteTeam "Belgrade Vodovod"]
[BlackTeam "Belgrade BASK"]
[WhiteTeamCountry "SRB"]
[BlackTeamCountry "SRB"]

1. e4 e5 2. Nf3 Nc6 3. Bb5 a6 4. Bxc6 bxc6 5. d4 exd4 6. Qxd4 d5 7. Nc3 Be6 8. Ng5 Nf6 9. Nxe6 fxe6 10. Bg5 Be7 11. e5 Nd7 12. Bxe7 Qxe7 13. 0-0 0-0 14. b4 Rab8 15. Rab1 c5 16. bxc5 Qxc5 17. Qxc5 Nxc5 18. Rxb8 Rxb8 19. Rb1 Rxb1+ 20. Nxb1 g5 21. Nc3 Kg7 22. g3 Kg6 23. f4 gxf4 24. gxf4 Kf5 25. Ne2 Ke4 26. Kf2 d4 27. h4 d3 28. cxd3+ Nxd3+ 29. Kg3 c5 30. Nc3+ Kf5 31. Ne2 a5 32. Kf3 1/2-1/2

[Event "Belgrade-chT2 Quality"]
[Site "Belgrade"]
[Date "2022.10.15"]
[Round "1.8"]
[White "Markus, Pavle"]
[Black "Stankovic, Tomislav"]
[Result "0-1"]
[WhiteElo "1455"]
[BlackElo "1992"]
[PlyCount "102"]
[EventDate "2022.10.15"]
[EventType "team-tourn"]
[EventRounds "13"]
[EventCountry "SRB"]
[SourceTitle "EXT 2024"]
[Source "ChessBase"]
[SourceDate "2023.10.10"]
[SourceVersion "1"]
[SourceVersionDate "2023.10.10"]
[SourceQuality "1"]
[WhiteTeam "Belgrade BASK"]
[BlackTeam "Novi Belgrade Technicka"]
[WhiteTeamCountry "SRB"]
[BlackTeamCountry "SRB"]

1. e4 d6 2. d4 g6 3. Nf3 Bg7 4. Be3 Nf6 5. Bd3 0-0 6. Qd2 Ng4 7. 0-0 Nxe3 8. Qxe3 c6 9. Nc3 Qc7 10. e5 Bg4 11. exd6 exd6 12. Ne2 Nd7 13. h3 Rae8 14. Qf4 Bxf3 15. Qxf3 d5 16. c3 Nf6 17. Ng3 Re7 18. Rae1 Rfe8 19. Re3 Rxe3 20. fxe3 Qe7 21. Qf4 Qxe3+ 22. Qxe3 Rxe3 23. Rf3 Rxf3 24. gxf3 Bh6 25. Kf2 Bc1 26. b3 Bd2 27. c4 Kf8 28. Ke2 Bf4 29. Kf2 Ke7 30. cxd5 Bxg3+ 31. Kxg3 Nxd5 32. f4 h6 33. Kf3 f5 34. a4 Kf6 35. h4 Ne7 36. b4 g5 37. hxg5+ hxg5 38. fxg5+ Kxg5 39. b5 Kf6 40. a5 cxb5 41. Bxb5 Ke6 42. Kf4 Kd5 43. Ke3 Nc6 44. a6 b6 45. Kf4 Nxd4 46. Be8 Ke6 47. Ke3 Ke5 48. Ba4 f4+ 49. Kd3 f3 50. Ke3 b5 51. Bd1 b4 0-1

[Event "Belgrade-chT Quality"]
[Site "Belgrade"]
[Date "2021.11.20"]
[Round "11.8"]
[White "Simic, Ljubomir"]
[Black "Markus, Pavle"]
[Result "0-1"]
[WhiteElo "1645"]
[BlackElo "1406"]
[PlyCount "72"]
[EventDate "2021.10.16"]
[EventType "team-tourn"]
[EventRounds "11"]
[EventCountry "SRB"]
[SourceTitle "EXT 2023"]
[Source "ChessBase"]
[SourceDate "2022.10.05"]
[SourceVersion "1"]
[SourceVersionDate "2022.10.05"]
[SourceQuality "1"]
[WhiteTeam "Belgrade Cirilo i Metodije"]
[BlackTeam "Belgrade Bask"]
[WhiteTeamCountry "SRB"]
[BlackTeamCountry "SRB"]

1. d4 f5 2. c3 Nf6 3. g3 e6 4. Bg2 d5 5. Bg5 Bd6 6. Nf3 Nbd7 7. Qa4 0-0 8. 0-0 c6 9. Qb3 h6 10. Bc1 Kh8 11. Nh4 Qe8 12. c4 Rg8 13. Nc3 g5 14. Nf3 Qg6 15. cxd5 exd5 16. Qc2 Ne4 17. b3 Nxc3 18. Qxc3 Nf6 19. Nd2 Ne4 20. Qc2 Bd7 21. f3 Nxd2 22. Bxd2 Qg7 23. Bc3 f4 24. g4 Rae8 25. Rae1 Bb4 26. Kh1 Bxc3 27. Qxc3 Re3 28. Qb4 Bc8 29. Rf2 Rge8 30. Bf1 Qe7 31. Qxe7 R8xe7 32. Rc1 Kg7 33. Kg2 R7e6 34. Rc2 Kf7 35. Kg1 Ke7 36. h4 Kd6 0-1

[Event "Belgrade-chT Quality"]
[Site "Belgrade"]
[Date "2020.10.11"]
[Round "3.8"]
[White "Markus, Pavle"]
[Black "Milosevic, Zeljko"]
[Result "1/2-1/2"]
[WhiteElo "1246"]
[BlackElo "1898"]
[PlyCount "111"]
[EventDate "2020.10.09"]
[EventType "team-tourn"]
[EventRounds "9"]
[EventCountry "SRB"]
[SourceTitle "EXT 2022"]
[Source "ChessBase"]
[SourceDate "2021.10.06"]
[SourceVersion "1"]
[SourceVersionDate "2021.10.06"]
[SourceQuality "1"]
[WhiteTeam "Belgrade Bask"]
[BlackTeam "Belgrade Polet"]
[WhiteTeamCountry "SRB"]
[BlackTeamCountry "SRB"]

1. e4 e5 2. Nf3 Nc6 3. Bc4 d6 4. Nc3 Be7 5. h3 Nf6 6. d3 Na5 7. Bb3 0-0 8. 0-0 c6 9. Re1 Qc7 10. Bg5 h6 11. Bxf6 Bxf6 12. Qe2 b5 13. Nd1 Kh8 14. Ne3 Nxb3 15. axb3 Be6 16. Rad1 c5 17. c4 b4 18. Nd5 Bxd5 19. cxd5 Bd8 20. Ra1 f5 21. Nd2 Qf7 22. Ra6 Bb6 23. Nc4 Qc7 24. Rea1 Rab8 25. Qh5 fxe4 26. dxe4 Qe7 27. Nxb6 axb6 28. Qg4 Rf4 29. Qg6 Qf6 30. Qxf6 Rxf6 31. Ra8 Rbf8 32. Rxf8+ Rxf8 33. Ra7 b5 34. Ra6 Rd8 35. Rc6 Rd7 36. Kh2 Kg8 37. Kg3 Kf7 38. f4 exf4+ 39. Kxf4 Ke7 40. e5 Ra7 41. exd6+ Kd7 42. Rxc5 Ra2 43. Rxb5 Rxb2 44. Rxb4 Kxd6 45. Rd4 Rxg2 46. Kf3 Rh2 47. Kg3 Re2 48. Kf4 g5+ 49. Kg4 Re3 50. b4 Rb3 51. b5 Rxb5 52. Rd3 Rb4+ 53. Kh5 Rh4+ 54. Kg6 g4 55. hxg4 Rxg4+ 56. Kxh6 1/2-1/2

[Event "Belgrade-chT Quality"]
[Site "Belgrade"]
[Date "2019.10.13"]
[Round "4.7"]
[White "Markus, Pavle"]
[Black "Karleusa, Mirko"]
[Result "0-1"]
[WhiteElo "1208"]
[BlackElo "2008"]
[PlyCount "80"]
[EventDate "2019.10.05"]
[EventType "team-tourn"]
[EventRounds "11"]
[EventCountry "SRB"]
[SourceTitle "EXT 2022"]
[Source "ChessBase"]
[SourceDate "2021.10.06"]
[SourceVersion "1"]
[SourceVersionDate "2021.10.06"]
[SourceQuality "1"]
[WhiteTeam "Delfin"]
[BlackTeam "Borca"]
[WhiteTeamCountry "SRB"]
[BlackTeamCountry "SRB"]

1. e4 c5 2. Nc3 d6 3. g3 Nc6 4. Bg2 Nf6 5. d3 e6 6. Be3 Be7 7. Nge2 a6 8. 0-0 0-0 9. f4 d5 10. e5 Ne8 11. d4 cxd4 12. Nxd4 g6 13. Nxc6 bxc6 14. f5 exf5 15. Bh6 Ng7 16. Qd4 Be6 17. Na4 Rb8 18. Nc5 Qb6 19. Nxe6 fxe6 20. Qxb6 Rxb6 21. b3 Rc8 22. Be3 Rb5 23. Rf4 Bc5 24. Bxc5 Rxc5 25. Rc1 a5 26. a4 Rc3 27. Kf2 c5 28. Rf3 Rxf3+ 29. Bxf3 c4 30. Re1 Ne8 31. Ke3 cxb3 32. cxb3 Rc3+ 33. Kf4 g5+ 34. Kxg5 Rxf3 35. Rc1 Rxb3 36. Rc8 Kf7 37. Ra8 Rb2 38. Ra7+ Kg8 39. h4 Rb3 40. Kh6 Rxg3 0-1